00713nam a2200241 a 4500001001300000003000900013005001700022008004100039020002300080082001800103100002300121245001800144260004700162300000900209500003500218505001200253650001800265700002300283902000800306942000700314952013300321999001700454nice12345678IN_TiNIC20260116014947.0070517s1972 cama grp 000 0 eng  a0674069250 c20000a294.5924bEDG aEdgerton, Franklin aBhagavad Gita aCambridgebHarvard University Press c1972 a202p aincludes index and biblioraphy2 aindices aBhagavad Gita1 aEdgerton, Franklin bSRS cBK 001040708StackRoom-aHMIbHMId2008-05-07g200.00l3o294.5924 EDGp11002050r2019-08-13s2019-08-06v200.00w2007-05-17yBK c17725d17725